American Logos - Sudden Death - Statistics

General Stats
  • This quiz has been taken 40 times
  • The average score is 13 of 20
Answers on the Grid
Answers color-coded by a green-red scale on the quiz's grid according to % correct below.
 
Answer Stats
Answer % Correct
Amazon, United States
82%
McDonald's, United States
79%
YouTube, United States
75%
Starbucks, United States
75%
Taco Bell, United States
71%
Apple, United States
71%
KFC, United States
68%
Pepsi, United States
68%
Tesla, United States
68%
Google, United States
64%
Microsoft, United States
64%
Domino's, United States
64%
NBA, United States
61%
Reddit, United States
61%
Nike, United States
61%
Chick-Fil-A, United States
57%
JetPunk, United States
57%
Pinterest, United States
50%
Instagram, United States
46%
Discord, United States
43%
No matching quizzes found
Score Distribution
Percent of People with Each Score
Percentile by Number Answered
Your Score History
You have not taken this quiz